header

The vision of the Vedic poets (Record no. 109272)

MARC details
000 -LEADER
fixed length control field 01094nam a2200289Ia 4500
100 1# - MAIN ENTRY--AUTHOR NAME
Personal name Gonda, J.
245 14 - TITLE STATEMENT
Title The vision of the Vedic poets
260 ## - PUBLICATION, DISTRIBUTION, ETC. (IMPRINT)
Place of publication The Hague :
Name of publisher Mouton,
Year of publication 1963.
300 ## - PHYSICAL DESCRIPTION
Number of Pages 372 p.
650 #0 - SUBJECT ADDED ENTRY--TOPICAL TERM
Topical Term Vedic language
856 40 - ELECTRONIC LOCATION AND ACCESS
Uniform Resource Identifier http://site.ebrary.com/lib/rucke/Doc?id=10597491

No items available.

© 2026 Rongo University
Contact us: librarian | system librarian | Rongo university